Los misterios del mundo subterráneo / (Record no. 95242)

MARC details
000 -LEADER
campo de control de longitud fija 00795nam a2200205 i 4500
001 - NÚMERO DE CONTROL
campo de control 95242
003 - IDENTIFICADOR DE NÚMERO DE CONTROL
campo de control ES-MaACL
005 - FECHA Y HORA DE LA ÚLTIMA TRANSACCIÓN
campo de control 20230906181649.0
007 - CAMPO FIJO DE DESCRIPCIÓN FÍSICA--INFORMACIÓN GENERAL
campo de control de longitud fija t|
008 - DATOS DE LONGITUD FIJA--INFORMACIÓN GENERAL
campo de control de longitud fija 050525s1961 sp ||||1| spa d
100 1# - ENTRADA PRINCIPAL--NOMBRE DE PERSONA
Nombre de persona Luebke, Anton.
9 (RLIN) 74623
245 14 - MENCIÓN DEL TÍTULO
Título Los misterios del mundo subterráneo /
Mención de responsabilidad, etc. Anton Luebke; versión española Francisco Payarols; con apéndice sobre la espeleología en España por Joaquina Comas de Candel.
260 ## - PUBLICACIÓN, DISTRIBUCIÓN, ETC.
Lugar de publicación, distribución, etc. Barcelona :
Nombre del editor, distribuidor, etc. Labor,
Fecha de publicación, distribución, etc. 1961.
300 ## - DESCRIPCIÓN FÍSICA
Extensión XII, 368 p., lám. en neg. y col. I-XCV., 1 lám. en col., pleg. en col. I-X ;
Dimensiones 22 cm.
650 04 - PUNTO DE ACCESO ADICIONAL DE MATERIA--TÉRMINO DE MATERIA
Término de materia o nombre geográfico como elemento de entrada Exploraciones subterráneas.
9 (RLIN) 12698
650 #4 - PUNTO DE ACCESO ADICIONAL DE MATERIA--TÉRMINO DE MATERIA
Término de materia o nombre geográfico como elemento de entrada Espeleología-
Subdivisión geográfica España.
9 (RLIN) 152740
700 1# - ENTRADA AGREGADA--NOMBRE PERSONAL
Nombre de persona Payarols, Francisco.
9 (RLIN) 89715
700 0# - ENTRADA AGREGADA--NOMBRE PERSONAL
Nombre de persona Comas, Joaquina.
9 (RLIN) 39934
852 ## - LOCALIZACIÓN
Ubicación ES-MaACL
Número de control de estantería C-22971
Sublocalización o colección R.51736
Holdings
Estatus retirado Estado de pérdida Estado de daño No para préstamo Biblioteca de origen Biblioteca actual Ubicación en estantería Fecha de adquisición Fuente de adquisición Total de préstamos Signatura topográfica completa Código de barras Visto por última vez Precio de reemplazo Tipo de ítem Koha
        Biblioteca del Ateneo de Madrid Biblioteca del Ateneo de Madrid Depósito 2 17/01/2008     C-22971 1099454 23/02/2023 23/02/2023 Libro impreso